Právna výchova ako organizačná súčasť komunistickej výchovy

Bibliographic Details
Main Author: Štefanková, V. (Author)
Format: Article
Language:Slovak
Subjects:

MARC

LEADER 00000nab a2200000 a 4500
001 vtls000048513
003 SK-MaSNL
005 20260303210651.0
008 111103c1979 xo 0 slo
015 |a SNBRB19rr/mm-uuuuu 
035 |a CL0058609 
040 |a SNKBUCL  |b slo  |c SNKBUCL  |e AACR2 
041 0 |a slo 
044 |a xo  |c SK 
080 |a 340  |2 1981 
100 1 |a Štefanková, V.  |4 aut  |9 1179484 
245 1 0 |a Právna výchova ako organizačná súčasť komunistickej výchovy  |c V. Štefanková 
650 0 7 |a výchova právna  |2 snkbucl  |9 848605 
650 0 7 |a osvetoví pracovníci  |2 snkbucl  |9 79906 
651 7 |a 5210  |2 snkbucl  |9 276500 
655 7 |a články z novín a časopisov  |2 snkbucl  |9 267496 
773 0 |t Osvetová práca  |g Roč. 29, č. 25 (1979), s. 39-40 
850 |a Slovenská národná knižnica v Martine  |a MTA001 
852 |a SNK  |b KIS3GCP 
958 |a RK 
992 |a RBX 
999 |c 2201178  |d 2203108